[Event "3rd Kolkata GM Open 2018"]
[Site "Kolkata"]
[Date "2018.05.17"]
[Round "4"]
[White "Erigaisi Arjun"]
[Black "Rozum, Ivan"]
[Result "0-1"]
[WhiteElo "2488"]
[BlackElo "2581"]
[Annotator "TA"]
[PlyCount "84"]
[EventDate "2018.??.??"]
[EventType "swiss"]
[EventCountry "IND"]
[SourceTitle "playchess.com"]
[Source "ChessBase"]
[SourceQuality "1"]

{[%evp 21,84,0,0,0,0,0,0,0,0,0,0,-10,-7,-46,-46,-46,-46,-46,-46,-46,-46,-46,-46,-46,-46,-46,-49,-49,-10,-60,-60,-60,-60,-60,-60,-60,-44,-60,-60,-60,-60,-60,-60,-60,-60,-60,-60,-72,-67,-109,-106,-103,-112,-96,-94,-131,-119,-170,-164,-163,-163,-666,-633,-602,-564]} 1. Nf3 b6 2. g3 Bb7 3. Bg2 e6 4. O-O d5 5. d4 Nd7 6. Bf4 Ngf6 7. Ne5 Be7 8. c4 O-O 9. Nc3 c6 10. Qb3 {E16: Damenindisch (Hauptfortsetzung mit Lb4)} (10. e4 dxe4 11. Nxe4 Nxe5 12. Nxf6+ Bxf6 13. dxe5 Be7 14. h4 Qxd1 15. Rfxd1 Rfd8 16. a3 Kf8 17. b4 Ke8 {1-0 (30) Vallejo Pons,F (2717)-Karthikeyan,M (2579) Tbilisi 2017}) 10... Nxe5 11. Bxe5 Qd7 {LiveBook: 3 Partien} 12. Rfd1 {Die Stellung ist ausgeglichen.} Ba6 13. cxd5 cxd5 14. e4 Bc4 15. Qc2 Rac8 {[#]} 16. Bxf6 $146 ({Vorgänger:} 16. b3 Ba6 17. Bxf6 Bb4 {½-½ (48) Alavkin,A (2504)-Zagrebelny,S (2484) Togliatti 2006}) 16... Bxf6 17. exd5 (17. b3 {feels hotter.} Ba6 18. exd5 exd5 19. Qd2 Bb7 20. Re1) 17... Bxd5 18. Bxd5 Qxd5 19. Nxd5 Rxc2 20. Nxf6+ gxf6 $11 {[%mdl 4096] Endspiel KTT-KTT} 21. b3 Rd8 22. Rd3 Rd5 23. a4 Rf5 24. Rf1 Kf8 25. f4 (25. d5 $5) 25... Rh5 26. h4 Rd5 27. Rf2 Rc1+ 28. Kg2 h5 29. Kf3 Kg7 30. Re2 Kg6 31. Ke4 $1 b5 32. axb5 Rxb5 33. Ra2 a5 34. Re2 Rf1 35. Rc2 Re1+ 36. Kf3 Rb1 37. Rcc3 Kf5 38. Re3 Rd1 39. Red3 (39. Rc7 $17 {ist wohl besser.}) 39... Rxd3+ $19 40. Rxd3 {[#]} Rd5 $1 41. g4+ $2 (41. Ke3) 41... hxg4+ 42. Kg3 e5 {Precision: Weiß = 53%, Schwarz = 83%.} 0-1

[Event "3rd Kolkata GM Open 2018"]
[Site "Kolkata"]
[Date "2018.05.17"]
[Round "4"]
[White "Khusenkhojaev, Muhammad"]
[Black "Sengupta, Deep"]
[Result "0-1"]
[WhiteElo "2456"]
[BlackElo "2563"]
[Annotator "TA"]
[PlyCount "100"]
[EventDate "2018.??.??"]
[EventType "swiss"]
[EventCountry "IND"]
[SourceTitle "playchess.com"]
[Source "ChessBase"]
[SourceQuality "1"]

{[%evp 30,100,21,-28,-40,-28,-30,-31,-13,-31,-11,-131,-131,-138,-79,-302,-347,-332,-341,-335,-339,-324,-327,-332,-320,-349,-315,-323,-294,-374,-363,-850,-529,-497,-479,-918,-912,-798,-450,-434,-432,-420,-405,-419,-393,-393,-399,-666,-504,-1833,-1828,-1762,-1804,-1439,-1433,-982,-972,-943,-933,-775,0,-641,0,-984,-983,-880,-873,-2265,-2092,-1827,-1816,-1179,-1060]} 1. Nf3 d5 2. d4 e6 3. c4 c6 4. Qc2 Nf6 5. e3 Nbd7 6. Nc3 Bd6 7. b3 O-O 8. Be2 b6 9. Bb2 Bb7 10. O-O Qe7 11. Rad1 Rad8 {D45: Semi-Slav: 5 e3} 12. e4 (12. Rfe1 Rfe8 13. e4 Nxe4 14. Nxe4 dxe4 15. Qxe4 Bb4 16. Rf1 Bd6 17. Rfe1 Bb4 18. Rf1 Bd6 19. Rfe1 Bb4 {½-½ (19) Radjabov,T (2748)-Carlsen,M (2843) Shamkir 2018}) 12... Nxe4 13. Nxe4 dxe4 14. Qxe4 f5 15. Qc2 c5 16. Rfe1 {LiveBook: 5 Games} Be4 17. Qc1 cxd4 $146 ({Predecessor:} 17... Nf6 18. Ne5 Qc7 19. Qa1 cxd4 20. Bxd4 {½-½ (42) Arlandi,E (2436)-Shytaj,L (2496) Arvier 2012}) 18. Nxd4 Bb4 19. Rf1 Bc5 20. Bd3 (20. Nf3 $11 {remains equal.}) 20... Ne5 $17 21. Be2 {[#]} f4 ({Better is} 21... Ng6 $1 {aiming for ...e5.} 22. Nf3 e5 23. Rxd8 Rxd8) 22. Qc3 $2 {[#]} (22. f3 $17 {might work better.}) 22... Bxg2 $1 $19 {[%mdl 512]} 23. Kxg2 {Threatens to win with Nf3.} Bxd4 24. Rxd4 Rxd4 (24... f3+ 25. Bxf3 Rxd4 26. Qxd4 $17) 25. Qxd4 f3+ 26. Bxf3 Nxf3 27. Qg4 Rf5 28. Kh1 Qb7 29. Rd1 {Rd8+ would kill now.} h5 30. Qh3 $2 (30. Qxg7+ Qxg7 31. Bxg7 Kxg7 32. Kg2) 30... Kh7 31. Bc1 Qe4 {White must now prevent ...Ne1+.} 32. Be3 (32. Rf1 $142 Qc2 33. Bf4) 32... Nh4+ 33. Kg1 Rf3 34. Qf1 {Qd3 would now be nice for White.} Qg4+ ({Weaker is} 34... Rf6 35. Qd3 $17) 35. Kh1 e5 {[%cal Be6e5,Be5f4][%mdl 32]} 36. Rd5 Rf6 37. f4 exf4 38. Bd4 $2 (38. Bg1 Qg6 39. Qd3) 38... Re6 39. h3 (39. Re5 $142 Rxe5 40. Bxe5) 39... Qg6 40. Bf2 Qe4+ 41. Kh2 Nf3+ 42. Kh1 Ne5+ 43. Qg2 Qb1+ 44. Qg1 Qe4+ 45. Qg2 Qb1+ (45... Qf5 $142 46. b4 Rg6 47. Rxe5 Qxe5) 46. Qg1 $1 {[%cal Rg1b1]} Qf5 {Hoping for ...Rg6.Black is clearly winning.} 47. Qf1 Rg6 {( -> ...Qe4+)} 48. Rd4 Nc6 49. Rd5 Qe4+ 50. Kh2 Ne5 {Precision: White = 41%, Black = 82%.} 0-1

[Event "3rd Kolkata GM Open 2018"]
[Site "Kolkata"]
[Date "2018.05.17"]
[Round "4"]
[White "Nitin, S.."]
[Black "Narayanan, Srinath"]
[Result "1/2-1/2"]
[WhiteElo "2432"]
[BlackElo "2525"]
[Annotator "TA"]
[PlyCount "60"]
[EventDate "2018.??.??"]
[EventType "swiss"]
[EventCountry "IND"]
[SourceTitle "playchess.com"]
[Source "ChessBase"]
[SourceQuality "1"]

{[%evp 24,60,0,0,0,0,15,0,4,0,67,60,85,6,19,36,27,26,25,30,30,16,161,154,164,168,160,61,154,61,63,63,64,64,64,64,78,53,38]} 1. e4 e6 2. d4 d5 3. Nc3 Nf6 4. Bg5 dxe4 5. Nxe4 Be7 6. Bxf6 gxf6 7. Nf3 f5 8. Nc3 a6 {C13: Französische Verteidigung (Klassisches System)} 9. g3 (9. Qd2 b5 10. O-O-O b4 11. Na4 Qd5 12. b3 Bd7 13. Bc4 Qd6 14. d5 e5 15. Rhe1 e4 16. Nd4 {1-0 (40) Carlsen,M (2832)-Grischuk,A (2750) chess.com INT 2017}) 9... b5 {[%cal Bb7b5,Bb5b4][%mdl 32]} 10. Bg2 Bb7 11. O-O c5 12. d5 b4 13. dxe6 {LiveBook: 14 Partien} bxc3 14. exf7+ Kf8 15. Qc1 Qd6 $146 ({Vorgänger:} 15... Qb6 16. bxc3 {1-0 (30) Amonatov,F (2619)-Grover,S (2467) New Delhi 2017}) 16. bxc3 Qf6 ({Günstiger ist} 16... Be4 $11) 17. Re1 {Und Tb1 würde nun gewinnen.} Nd7 18. Qf4 (18. Qe3 $16) 18... Bd6 $1 $11 {[%cal Rd6f4]} 19. Qc4 Be4 20. Rxe4 fxe4 21. Qxe4 Rd8 {Droht ...Se5 und aus.} 22. Rd1 Be7 (22... Qe7 $11 23. Qd5 Nf6) 23. Bh3 $18 Nb6 24. Rxd8+ Bxd8 25. Qe8+ Kg7 {[#]} 26. Ng5 (26. Be6 $1 $16 Rf8 27. Nh4 Qxf7 28. Bxf7 Rxe8 29. Bxe8) 26... Qxg5 $14 {[#]} 27. Qxh8+ $1 {[%mdl 512]} Kxh8 28. f8=Q+ Qg8 29. Qxc5 {Und weiter mit Dd4+ wäre nett.} Qg7 30. Be6 Qe7 {Precision: Weiß = 52%, Schwarz = 65%.} 1/2-1/2

[Event "3rd Kolkata GM Open 2018"]
[Site "Kolkata"]
[Date "2018.05.17"]
[Round "4"]
[White "Manik, Mikulas"]
[Black "Gupta, Abhijeet"]
[Result "0-1"]
[WhiteElo "2411"]
[BlackElo "2619"]
[Annotator "TA"]
[PlyCount "64"]
[EventDate "2018.??.??"]
[EventType "swiss"]
[EventCountry "IND"]
[SourceTitle "playchess.com"]
[Source "ChessBase"]
[SourceQuality "1"]

{[%evp 19,64,22,29,25,27,26,32,26,25,19,19,16,18,6,29,20,36,9,35,31,18,17,29,41,71,35,41,45,72,63,61,47,27,0,154,0,0,0,97,0,0,0,0,0,0,-2037,-2016]} 1. e4 c5 2. Nf3 d6 3. d4 cxd4 4. Nxd4 Nf6 5. Nc3 Nc6 6. Bg5 e6 7. Qd2 a6 8. O-O-O Bd7 9. f3 Be7 10. Be3 {B67: Sicilian: Richter-Rauzer: 7...a6 8 0-0-0 Bd7, lines without 9 f4 Be7} (10. h4 h6 11. Be3 h5 12. Kb1 Qc7 13. Bg5 Ne5 14. Bd3 b5 15. Rhe1 b4 16. Nce2 a5 17. f4 Neg4 18. Ng1 {½-½ (91) Short,N (2678)-Li,C (2732) Riadh 2017}) 10... h5 {LiveBook: 90 Games} 11. Nxc6 Bxc6 12. Ne2 {White has an edge.} d5 13. e5 Nd7 14. f4 Bb5 15. Kb1 g6 16. g3 Qc7 17. Bg2 Bxe2 18. Qxe2 {[#]} Bc5 $146 19. Bc1 Nb6 20. b3 Qe7 21. Rd3 Ba3 22. Be3 Nd7 23. Rhd1 $36 {[%mdl 2048] White has good play.} Nc5 24. Rd4 $1 {Black must now prevent c4.} b5 25. Qd2 a5 26. f5 (26. Bxd5 $5 exd5 27. Rxd5 $11) 26... Qc7 $2 (26... gxf5 $11 27. Bg5 Qc7) 27. Bg5 $2 ({White should play} 27. fxe6 $16 fxe6 28. Rf4) 27... gxf5 $11 {Hoping for ...Ne4.} 28. Bf6 Rg8 {[#]} (28... Rh7 $1 $11 {remains equal.}) 29. Bxd5 ({Better is} 29. Rxd5 $1 $16 {[%mdl 512]} exd5 30. Bxd5) 29... exd5 30. Rxd5 {White wants to mate with Rd8+.} Ne6 31. Rd7 Qc8 32. Qxa5 $2 {[%mdl 8192]} (32. c3 $11 Rg6 33. Qd3) 32... Rxa5 {Precision: White = 54%, Black = 56%.} 0-1

[Event "3rd Kolkata GM Open 2018"]
[Site "Kolkata"]
[Date "2018.05.17"]
[Round "4"]
[White "Tran, Minh Thang"]
[Black "Amonatov, Farrukh"]
[Result "0-1"]
[WhiteElo "2404"]
[BlackElo "2608"]
[Annotator "TA"]
[PlyCount "104"]
[EventDate "2018.??.??"]
[EventType "swiss"]
[EventCountry "IND"]
[SourceTitle "playchess.com"]
[Source "ChessBase"]
[SourceQuality "1"]

{[%evp 24,104,38,34,47,27,44,7,14,0,16,0,0,-32,-31,-14,-2,-64,-71,-75,-50,-44,-31,-32,-20,-29,-23,-32,-26,-97,-80,-86,-94,-85,0,0,119,120,64,77,140,158,164,156,164,141,187,180,218,203,367,365,363,344,368,381,392,378,426,365,608,577,546,249,225,0,0,0,0,0,0,0,0,-39,-36,-52,-64,-56,-68,-562,-525,-542,-529]} 1. e4 c5 2. Nf3 d6 3. d4 cxd4 4. Qxd4 Nc6 5. Bb5 Bd7 6. Qd3 g6 7. O-O Bg7 8. c4 Nf6 9. h3 O-O 10. Nc3 a6 11. Bxc6 Bxc6 12. Be3 Rc8 {B53: Sicilian: 2...d6: Lines with Qxd4} 13. Nd4 {LiveBook: 37 Games} e6 (13... Nd7 14. Rac1 Qa5 {1-0 (78) Alekseev,E (2616)-Karjakin,S (2760) Riadh 2017}) 14. Rfd1 Qe7 {[#] White has an edge.} 15. Nb3 $146 ({Predecessor:} 15. Nxc6 Rxc6 {1-0 (35) Zhang,Z (2633)-Nguyen,A (2478) Ho Chi Minh City 2016}) 15... Rfd8 (15... b5 $5) 16. Bb6 Re8 17. f3 Nd7 18. Be3 Ne5 19. Qe2 f5 20. f4 (20. Rac1 $11) 20... Nd7 $36 {[%cal Be5d7,Bd7c5,Bc5d3][%mdl 2080] White is under strong pressure.} 21. Qd2 fxe4 (21... Bxc3 $5 22. bxc3 Nf6 23. Qxd6 Qxd6 24. Rxd6 Nxe4 $17) 22. Qxd6 e5 23. Na5 exf4 24. Qxf4 Nc5 {Threatens to win with ...Nd3.} 25. Nxc6 bxc6 26. Qg4 (26. Qd6 $1 $11 Nd3 27. Qxe7 Rxe7 28. Rab1) 26... Nd3 $17 27. Rab1 Rcd8 28. Rd2 Bd4 {[#]} ({Black should play} 28... Ne5 $17 29. Qxe4 Rxd2 30. Bxd2 Qd7) 29. Rxd3 $1 $11 {[%mdl 512]} Bc5 (29... Ba7 $1 $11 {remains equal.} 30. Rxd8 Bxe3+ 31. Kh1 Qxd8) (29... exd3 30. Bxd4) 30. Na4 $1 $16 exd3 31. Bxc5 Qe2 (31... Qe5 $142) 32. Nc3 Qxg4 33. hxg4 d2 {White must now prevent ...Re1+.} 34. Rd1 Rd3 {Hoping for ...Rxc3!} 35. Bf2 Rb8 36. Na4 Rf8 $2 (36... Rd6 37. g5 (37. Bg3 Re8 $16) 37... Rb7) 37. Nc5 $18 Rd6 38. Be3 Rdf6 39. Rxd2 Rf1+ 40. Kh2 h5 41. g5 Ra1 $2 (41... Re8 42. Bf2 a5) 42. Rd7 Rff1 43. Ne6 (43. Bd4 $142 {Intending Rg7+ and mate.} Kf8 44. Rg7) 43... Rae1 {[#] aiming for ...Rh1+.} 44. Rg7+ $2 ({Only move:} 44. Rd3 $1 $18) 44... Kh8 $11 45. Bd4 Rh1+ 46. Kg3 h4+ 47. Kg4 Re4+ 48. Kf3 Rxd4 $1 49. Rxg6 Rxc4 50. Rh6+ Kg8 51. g6 $2 {[%mdl 8192] [#]} (51. Rg6+ $15 Kf7 52. Rf6+ Ke7 53. Nf4) 51... Rf1+ $1 $19 52. Ke2 Rf6 {Precision: White = 41%, Black = 42%.} 0-1

[Event "3rd Kolkata GM Open 2018"]
[Site "Kolkata"]
[Date "2018.05.17"]
[Round "4"]
[White "Sidhant, Mohapatra"]
[Black "Lalith Babu M R"]
[Result "0-1"]
[WhiteElo "2378"]
[BlackElo "2531"]
[Annotator "TA"]
[PlyCount "102"]
[EventDate "2018.??.??"]
[EventType "swiss"]
[EventCountry "IND"]
[SourceTitle "playchess.com"]
[Source "ChessBase"]
[SourceQuality "1"]

{[%evp 20,102,4,-10,38,0,21,-6,36,-2,-8,-22,-15,-15,-17,-16,0,-8,-1,-20,-25,-22,-19,-28,-17,-32,-25,-54,-52,-61,0,-9,0,0,0,0,0,0,0,0,0,0,0,0,-1,-7,0,-25,-8,-52,0,-85,-85,-74,-97,-171,-164,-177,-136,-567,-439,-223,-364,-1326,-1257,-1245,-751,-2269,-1976,-29976,-29977,-29984,-29984,-29986,-29987,-29987,-29988,-29988,-29989,-29987,-29978,-29978,-29978,-29974,-12840]} 1. e4 e5 2. Nf3 Nc6 3. Bb5 a6 4. Ba4 Nf6 5. d3 b5 6. Bb3 Bc5 7. Nc3 h6 {C77: Spanische Partie (Anderssen-Variante)} 8. Nd5 d6 9. c3 Rb8 10. O-O O-O 11. Be3 {LiveBook: 10 Partien} Bg4 12. h3 Bh5 13. Qe2 $146 ({Vorgänger:} 13. Nxf6+ Qxf6 14. g4 Bg6 15. h4 {0-1 (43) Shyam,S (2552)-Lalith,B (2586) Hoogeveen 2016}) 13... Kh8 14. Kh2 (14. Bxc5 {is more complex.} dxc5 15. Ne3 Nd7 16. g4 Bg6 17. a4) 14... Nxd5 15. Bxd5 Bxe3 16. fxe3 Ne7 17. Bb3 d5 18. exd5 Nxd5 19. Bxd5 Qxd5 20. e4 Bxf3 21. Rxf3 (21. exd5 $2 {geht unter.} Bxe2 22. Rfe1 Bxd3 $19) 21... Qe6 22. a3 c5 23. Raf1 f6 24. Qe3 c4 (24... Rbc8 $15) 25. d4 $11 exd4 26. cxd4 Kg8 (26... Qd7 {with more complications.} 27. e5 Rfe8 28. Rf5 fxe5 29. Rxe5 Rbd8) 27. e5 fxe5 28. Rxf8+ Rxf8 29. Rxf8+ Kxf8 30. dxe5 {[%mdl 4096] Endspiel KD-KD} Qd5 31. Kg3 Ke8 32. Kf2 a5 33. Qc3 a4 34. Qe3 g5 (34... Ke7 $15) 35. Kg3 (35. g3 $11) 35... Ke7 $17 36. Kh2 Ke6 37. Qb6+ (37. Kh1 $17) 37... Kxe5 $19 {...Ke4 ist eine echte Drohung.} 38. Qxh6 Ke4 39. h4 $2 {[%mdl 8192] [#]} (39. Qh5 $17 {nur so!}) 39... Qe5+ 40. Kh1 gxh4 (40... Qxb2 41. Qg6+ Ke3 42. Qxg5+ Kf2 43. Qf4+ Ke2 44. Qf3+ Ke1 45. Qe3+ Kd1 46. h5) 41. Qxh4+ $2 (41. Qc1 Kf5 42. Qb1+ Ke6 43. Qc1) 41... Kd3 42. g4 Kc2 43. g5 Kxb2 44. g6 c3 {Schwarz setzt Matt.} 45. Qb4+ Ka1 46. Qg4 c2 47. Qg1+ Kb2 48. g7 Qh5+ 49. Qh2 Qxh2+ 50. Kxh2 c1=Q 51. g8=Q Qd2+ {Precision: Weiß = 32%, Schwarz = 55%.} (51... Qc2+ $142 52. Kg1 Kxa3 53. Qg5 Qb2 54. Qh5 Ka2 55. Qf3 b4 56. Kf1 b3 57. Qh3 a3 58. Kg1 Qc1+ 59. Kg2 Qc6+ 60. Kh2 b2 61. Qh8 b1=Q 62. Qg8+ Qb3 63. Qxb3+ Kxb3 64. Kg3 a2 65. Kf4 a1=Q 66. Kg3 Qg1+ 67. Kf4 Qf6+ 68. Ke4 Qgd4#) 0-1

[Event "3rd Kolkata GM Open 2018"]
[Site "Kolkata"]
[Date "2018.05.17"]
[Round "4"]
[White "Roy Chowdhury, Saptarshi"]
[Black "Rahman, Ziaur"]
[Result "0-1"]
[WhiteElo "2338"]
[BlackElo "2495"]
[Annotator "TA"]
[PlyCount "61"]
[EventDate "2018.??.??"]
[EventType "swiss"]
[EventCountry "IND"]
[SourceTitle "playchess.com"]
[Source "ChessBase"]
[SourceQuality "1"]

{[%evp 23,61,-22,5,5,5,-31,26,-18,56,57,70,0,10,0,0,-27,-20,-25,0,4,19,-2,0,0,0,0,-2,-4,-2,-16,-7,-15,-1,-82,-70,-66,-64,-73,-71,-70]} 1. e4 c5 2. Nf3 d6 3. d3 Nc6 4. g3 g6 5. Bg2 Bg7 6. O-O e5 7. c3 Nge7 8. a3 O-O 9. b4 b6 10. Nbd2 h6 {A04: Unusual lines after 1 Nf3 and King's Indian Attack} 11. Re1 Be6 12. Bb2 Rc8 {LiveBook: 3 Games. The position is equal.} (12... Qd7 13. Nc4 Rad8 14. b5 Nb8 15. a4 Qc7 16. a5 Nd7 17. axb6 axb6 18. Qa4 {1-0 (65) Petrosian,T (2601)-Vachier Lagrave,M (2789) Riadh 2017}) 13. b5 Na5 14. d4 c4 (14... exd4 $15 15. cxd4 g5) 15. Rc1 $146 (15. d5 $5 {[%cal Rd5e6]} Bg4 16. h3 $11) ({Predecessor:} 15. d5 Bg4 16. h3 Bd7 17. a4 a6 18. bxa6 Ra8 19. Ba3 {1-0 (41) Maiwald,J (2490)-Reschke,S (2400) Schoeneck 1996}) 15... Qd7 ({Better is} 15... g5 $11) 16. a4 $14 g5 17. dxe5 (17. d5 $14 Bh3 18. Bxh3 Qxh3 19. Ba3) 17... dxe5 $11 18. Nf1 {[%cal Bd2f1,Bf1e3,Be3c4][%mdl 32]} Rfd8 19. Qxd7 Rxd7 20. Rcd1 Rxd1 21. Rxd1 Ng6 22. Ba3 Nb3 23. Ne3 Bf8 24. Bxf8 Kxf8 25. Bf1 Nc5 26. Nd2 Nxa4 27. Rc1 {[%cal Rf1c4]} Rc5 $36 {[%mdl 2048] Black is more active.} 28. Nexc4 (28. Bxc4 $11 {keeps the balance.} Bxc4 29. Ndxc4) 28... Rxb5 29. Ra1 Nxc3 30. Rxa7 Rb4 31. Rc7 {Precision: White = 29%, Black = 45%.} 0-1

[Event "3rd Kolkata GM Open 2018"]
[Site "Kolkata"]
[Date "2018.05.17"]
[Round "4"]
[White "Gomes, Mary Ann"]
[Black "Nihal Sarin"]
[Result "0-1"]
[WhiteElo "2290"]
[BlackElo "2551"]
[Annotator "TA"]
[PlyCount "78"]
[EventDate "2018.??.??"]
[EventType "swiss"]
[EventCountry "IND"]
[SourceTitle "playchess.com"]
[Source "ChessBase"]
[SourceQuality "1"]

{[%evp 19,78,20,14,-8,6,-6,-13,-17,-10,-25,-10,-20,-7,-8,0,0,0,0,0,0,5,0,0,-20,-6,-122,-133,-176,-139,-195,-189,-190,-190,-252,-266,-240,-224,-352,-327,-422,-403,-409,-411,-694,-684,-664,-643,-1043,-1024,-1066,-1071,-1037,-969,-29990,-29991,-29993,-29994,-29994,-29995,-29995,-29996]} 1. c4 e5 2. Nc3 Nf6 3. g3 d5 4. cxd5 Nxd5 5. Bg2 Nb6 6. Nf3 Nc6 7. O-O Be7 8. Rb1 a5 9. d3 O-O {A29: English Opening: Four Knights Variation with 4 g3} 10. Be3 Be6 {LiveBook: 68 Games} 11. Qd2 (11. Bxb6 cxb6 12. a3 f5 13. e3 Bf6 14. Rc1 Kh8 15. Re1 Bf7 16. Nb5 Bh5 17. Qc2 {0-1 (39) So,W (2812)-Karjakin,S (2781) Paris 2017}) 11... f5 $146 {The position is equal.} ({Predecessor:} 11... f6 12. Rfc1 Nd4 13. Bxd4 exd4 14. Ne4 a4 15. Nc5 Bxc5 16. Rxc5 Bxa2 {0-1 (44) Hiebler,L (2110)-Saduakassova,D (2423) Bhubaneswar 2016}) 12. Ng5 Bxg5 13. Bxg5 Qd7 14. Be3 Nd5 15. f4 exf4 16. Bxf4 Rae8 17. Rbc1 Rf7 18. b3 Nxc3 19. Rxc3 h6 20. h4 Bd5 21. Bh3 (21. e4 $5 fxe4 22. dxe4 Bxe4 23. Qxd7 Rxd7 24. Re3 $11) 21... Qe7 22. Re1 {[#]} (22. Rf2 $11) 22... Nd4 $1 $17 23. Kf2 Ne6 {aiming for ...Qf6.} 24. h5 (24. Bg2 $17 {is a better defense.} Bxg2 25. Kxg2) 24... Qf6 $36 {[%mdl 2048] Black is really pushing.} 25. Rcc1 Rfe7 ({Much less strong is} 25... Nxf4 26. Qxf4 a4 27. Bg2 $15) 26. e4 (26. Bg2 $142) 26... fxe4 27. Bxe6+ Qxe6 28. dxe4 (28. d4 {was necessary.}) 28... Bxe4 29. Kg1 Qg4 30. Qe2 Bf3 31. Qc4+ (31. Qxe7 $142 Rxe7 32. Rxe7) 31... Kh8 32. Rxe7 Rxe7 33. Qd3 {[#] And now Qd8+ would win.} Qxh5 34. Qd8+ Re8 {( -> ...Qh1+)} 35. Qh4 Qg6 {Hoping for ...Re2.} 36. Bxc7 Qd3 {Black mates.} 37. Rf1 Qe3+ 38. Rf2 Qc1+ 39. Rf1 Qc5+ {Precision: White = 35%, Black = 68%.} 0-1

[Event "3rd Kolkata GM Open 2018"]
[Site "Kolkata"]
[Date "2018.05.17"]
[Round "4"]
[White "Prasad, Devaki V"]
[Black "Laxman, R.R."]
[Result "1/2-1/2"]
[WhiteElo "2284"]
[BlackElo "2444"]
[Annotator "TA"]
[PlyCount "96"]
[EventDate "2018.??.??"]
[EventType "swiss"]
[EventCountry "IND"]
[SourceTitle "playchess.com"]
[Source "ChessBase"]
[SourceQuality "1"]

{[%evp 28,96,26,5,16,4,0,4,27,0,0,11,14,14,27,21,27,20,27,0,12,0,10,0,7,0,0,1,9,-3,-3,-3,0,-3,-3,-6,0,-12,-12,-29,0,-29,-32,-42,0,0,0,0,27,4,146,8,8,8,137,137,137,137,139,142,135,139,979,905,1045,1076,1054,1010,873,109,77]} 1. e4 e5 2. Nf3 Nc6 3. Bb5 Nf6 4. O-O Nxe4 5. Re1 Nd6 6. Nxe5 Nxe5 7. Rxe5+ Be7 8. Bf1 O-O 9. d4 Bf6 10. Re1 Re8 {C67: Ruy Lopez: Berlin Defence: 4 0-0 Nxe4} 11. c3 Rxe1 12. Qxe1 Qe8 13. Qxe8+ Nxe8 14. Bf4 d5 15. Bd3 {LiveBook: 11 Games} Be7 16. Nd2 Bd6 17. Re1 Be6 {[#]} (17... Bd7 {feels hotter.} 18. Bxd6 Nxd6 19. Nf3 f6 20. g3 Re8) 18. Bg3 $146 ({Predecessor:} 18. Bxd6 Nxd6 {½-½ (18) Vysochin,S (2526)-Efimenko,Z (2708) Olginka 2011}) 18... Bxg3 19. hxg3 Nd6 20. f3 b6 21. Kf2 g6 22. g4 Kg7 23. Re5 h6 24. Kg3 Re8 25. Kf2 c6 26. Ke1 f6 27. Re2 Kf7 28. Nf1 f5 29. gxf5 Bxf5 30. Rxe8 Kxe8 31. Bxf5 Nxf5 $11 {[%mdl 4096] Endgame KN-KN} 32. g4 Nd6 33. Ng3 Ke7 34. Ke2 Kf6 35. f4 c5 36. dxc5 bxc5 37. b4 {[%cal Bb2b4,Bb4b5][%mdl 32]} c4 38. a4 g5 (38... Kf7 $11) 39. Ke3 ({White must play} 39. f5 $1 $16) 39... gxf4+ 40. Kxf4 Ke6 {[#]} (40... d4 $1 $11 {remains equal.}) 41. b5 $1 $16 d4 42. cxd4 c3 {[#]} 43. Ke3 $1 Nc4+ 44. Kd3 c2 $2 {[%mdl 8192]} (44... Nb2+ $16 45. Kxc3 Nxa4+ 46. Kb4 Nb6) 45. Kxc2 $18 Ne3+ 46. Kd3 Nxg4 47. a5 Nf6 48. Kc4 $2 (48. Ne4 $18 {Nxf6 is the strong threat.} Ne8 49. Kc4) 48... Kd7 {Precision: White = 36%, Black = 50%.} 1/2-1/2

[Event "3rd Kolkata GM Open 2018"]
[Site "Kolkata"]
[Date "2018.05.17"]
[Round "4"]
[White "Jayakumaar S"]
[Black "Deepan Chakkravarthy J."]
[Result "0-1"]
[WhiteElo "2276"]
[BlackElo "2516"]
[Annotator "TA"]
[PlyCount "88"]
[EventDate "2018.??.??"]
[EventType "swiss"]
[EventCountry "IND"]
[SourceTitle "playchess.com"]
[Source "ChessBase"]
[SourceQuality "1"]

{[%evp 12,88,40,4,73,0,29,0,8,-13,57,39,110,91,99,101,92,90,178,126,182,168,156,119,122,120,125,117,116,120,106,106,137,110,132,125,237,56,52,0,0,-37,-50,-80,-82,-91,-83,-125,-113,-108,-115,-124,-118,-130,-102,-131,-88,-148,-153,-156,-145,-200,-199,-355,-322,-432,-450,-462,-458,-456,-456,-509,-503,-502,-495,-614,-603,-1064,-1118]} 1. e4 c5 2. Nf3 e6 3. d4 cxd4 4. Nxd4 Nc6 5. Nc3 Qc7 6. Be2 a6 7. a4 {LiveBook: 35 Games} Bb4 {[#] B47: Sicilian: Taimanov: 5 Nc3 Qc7 6 f4, 6 g3 and 6 Be2} (7... Nf6 $11) 8. O-O (8. Nxc6 $1 $16 Bxc3+ 9. bxc3 bxc6 10. O-O) 8... Nge7 $146 ({Predecessor:} 8... Nf6 9. Bg5 Qa5 10. Bxf6 gxf6 11. Nb3 Qc7 12. f4 b6 13. Bd3 Bb7 14. Qe2 Be7 15. Nd1 Nb4 16. Ne3 Bc6 17. Nd4 Nxd3 18. cxd3 {½-½ (49) Nevednichy,V (2538)-Sikula,V (2412) Hungary 2005}) 9. Nb3 b6 {The position is equal.} 10. f4 d5 (10... O-O $11) 11. exd5 $14 Bxc3 (11... Nxd5 $14 12. Nxd5 exd5) 12. d6 $36 {[%mdl 2048] [#] White is really pushing.} ({Don't do} 12. dxc6 Bf6 $11) 12... Bd4+ $1 {[%mdl 512]} 13. Nxd4 Qxd6 14. Bf3 {Strongly threatening Nxc6.} Qd7 (14... Bb7 $16) 15. Be3 (15. Nxc6 $18 Nxc6 16. Ra3) 15... Rb8 (15... Bb7 $16) 16. Nxc6 $18 Nxc6 17. Qe1 {And now Qc3 would win.} O-O 18. Rd1 Qc7 19. Qc3 Bb7 20. b4 {Black must now prevent b5.} b5 21. Bd4 f6 22. a5 Rbc8 23. Bb6 Qxf4 (23... Qf7 $16) 24. Qe1 $2 (24. Bc5 $18 Qb8 25. Bxf8 Kxf8 26. Qe3) 24... Qc4 $14 25. Rd7 ({White should play} 25. Qe3 $14) 25... Ba8 $1 $11 26. Qg3 {[%csl Gd7][%cal Rg3g7]} Rf7 27. Rfd1 {[#]} Ne5 $1 28. Rd8+ Rf8 {Threatens to win with ...Rcxd8.} 29. R8d4 Qxc2 {...Bxf3 is the strong threat.} 30. Bxa8 Rxa8 31. Bc5 Rfe8 32. Rd6 h5 33. Rf1 Qg6 34. Qh3 (34. Qxg6 $142 Nxg6 35. Rb6) 34... Qg4 $17 35. Qxg4 hxg4 36. Re1 (36. Rfd1 $17 {might work better.}) 36... Kf7 $19 37. Bd4 $2 (37. Rb6 {was necessary.}) 37... Nc4 38. Rc6 e5 {Black is clearly winning.} 39. Bc5 Rec8 40. Rxc8 Rxc8 41. Rd1 Ke6 42. Kf2 f5 {[%cal Bf6f5,Bf5f4][%mdl 32]} 43. Kg3 f4+ 44. Kxg4 {[#]} Rxc5 $1 {[%mdl 512] Precision: White = 31%, Black = 53%.} 0-1